Little red riding hood. (Record no. 21720)

000 -LEADER
fixed length control field 00418nam a2200133 4500
003 - CONTROL NUMBER IDENTIFIER
control field OSt
005 - DATE AND TIME OF LATEST TRANSACTION
control field 20260123105811.0
008 - FIXED-LENGTH DATA ELEMENTS--GENERAL INFORMATION
fixed length control field 260121b xxua|||| |||| 00| 0 eng d
040 ## - CATALOGING SOURCE
Transcribing agency csu
245 ## - TITLE STATEMENT
Title Little red riding hood.
260 ## - PUBLICATION, DISTRIBUTION, ETC. (IMPRINT)
Place of publication, distribution, etc [Place of publication not identified] :
Name of publisher, distributor, etc [name of publisher not identified],
Date of publication, distribution, etc [date of publication not identified].
300 ## - PHYSICAL DESCRIPTION
Extent 32 pages :
Other physical details color illustrations.
942 ## - ADDED ENTRY ELEMENTS (KOHA)
Koha item type Books
Source of classification or shelving scheme
Holdings
Price effective from Permanent Location Date last seen Not for loan Date acquired Source of classification or shelving scheme Koha item type Lost status Withdrawn status Copy number Source of acquisition Collection code Damaged status Barcode Shelving location Current Location Full call number
 Cagayan State University - Carig Library2026-01-21 2026-01-21 Books  1DonationsChildren Section C000375Children SectionCagayan State University - Carig LibraryCS C375 L727
 Cagayan State University - Carig Library2026-01-21 2026-01-21 Books  2DonationsChildren Section C000377Children SectionCagayan State University - Carig LibraryCS C377 L727
2026-01-21Cagayan State University - Carig Library2026-01-21 2026-01-21 Books  3DonationsChildren Section C000382Children SectionCagayan State University - Carig LibraryCS C382 L727
2026-01-21Cagayan State University - Carig Library2026-01-22 2026-01-22 Books  4Donation Children Section C000374Children SectionCagayan State University - Carig LibraryCS C374 L727
2026-01-22Cagayan State University - Carig Library2026-01-23 2026-01-23 Books  5DonationsChildren Section C000697Children SectionCagayan State University - Carig LibraryCS C697 L727

Cagayan State University University Library, Carig Campus
Tuguegarao City, Cagayan 3500 | www.csucarig.edu.ph

Powered by Koha